000 00590nam a22001937a 4500
003 OSt
005 20161027172038.0
008 160413b xxu||||| |||| 00| 0 eng d
040 _cDDC.
082 _a333.7CHA 2003.
100 _aTaylor,J;M.Tang;[al.....et]
_97822
245 _aThe characterisation of six natural resources Production Systems.
_bNatural Resources Systems Programme.
260 _aUK.
_bDrakeloe Press.
_c2003.
300 _avii,42p;
_bill;
_c30cm.
504 _aincludes Appendix.
650 _aGeography.
_96447
650 _aNatural resources
_95657
942 _2ddc
_cSLOAN
999 _c3499
_d3499